Statistiques concernant Mot mystérieux - Série 33

Cliquez ici pour prendre le quiz!

Statistiques générales

  • Ce quiz a été pris 55 fois
  • Le résultat moyen est 6 sur 10

Statistiques - réponses

IndicesMot% Correct
Crayon - Charbon - Barre - SelMine
86%
Jouvence - Sommeil - Thermale - AmaigrissementCure
78%
Sable - Sel - Beauté - OrgeGrain
75%
Trou - Canon - Clé - MécanismeSerrure
63%
Grain - Mine - Fleur - GemmeSel
59%
Retraite - Epargne - Ecoles - OutilsCaisse
53%
Dent - Vaincre - Vaccin - VentreRage
47%
Avion - Banque - Doux - TrainBillet
37%
Commandement - Bureau- Radio - PolicePoste
37%
Métro - Travail - Action - EauPlan
22%

Distribution des résultats

Percentile par nombre de réponses

% des personnes avec chaque résultat

Votre développement - résultats

Vous n’avez pas pris ce quiz